000 00431nam a22001577a 4500
005 20251108171947.0
008 250721s1990 xx 000 0 ara d
082 1 4 _a154.6/هيث
100 1 _aمناع، هيثم
245 1 0 _aعالم النوم /
264 1 _aاللاذقية :
_bدار الحوار للنشر و التوزيع،
_c1990.
300 _a142ص
650 1 7 _aالنوم
942 _2ddc
_cBK
999 _c66948
_d66948